00552nam a2200205 a 4500001001300000003000900013005001700022008004100039020001000080082001500090100002000105245004600125260003700171300000800208500003500216505001500251650002500266650003500291700002000326nice12345678IN_TiNIC20260116013508.0050524s1994 tama grp 000 0 eng  ac10000a121.2bNAM aNambi, Manickam aTen Dimensional Universe Or the Surrender aTamil NadubManickam Nambic1994 a92p aincludes index and biblioraphy2 aBack Notes aKnowledge-Philosophy aPhilosophy-Theory of Knowledge1 aNambi, Manickam